Every League POTS 24/25 - Statistics

General Stats
  • This quiz has been taken 14 times
  • The average score is 6 of 15
Answer Stats
Hint Answer % Correct
EPL Salah
100%
Ligue 1 Dembele
82%
Liga Portugal Gyokeres
82%
Bundesliga Kane
73%
Serie A Mctominay
64%
MLS Messi
64%
LaLiga Pedri
64%
Super Lig Osimhen
45%
Saudi Pro League Al-Dawsari
18%
Qatar Stars Afif
0%
Liga MX Brunetta
0%
EFL Championship Jagielka
0%
Scottish Premiership Maeda
0%
Swiss Super League Sanches
0%
Eredivisie Steijn
0%
No matching quizzes found
Score Distribution
Percent of People with Each Score
Percentile by Number Answered
Your Score History
You have not taken this quiz